| 000 | 00473nam a22001817a 4500 | ||
|---|---|---|---|
| 003 | CEME | ||
| 005 | 20210628201645.0 | ||
| 008 | 210204b xxu||||| |||| 00| 0 eng d | ||
| 020 | _a81-203-2402-1 | ||
| 040 | _c. | ||
| 082 | _a004 RAJ | ||
| 100 |
_aRajaraman, V _956202 |
||
| 245 | _aIntroduction to information technology | ||
| 260 |
_aNEW DLEHI _bPRENTICE HALL OF INDIA _c2004 |
||
| 300 | _aXIV,361P | ||
| 650 |
_aINFORMATION TECHNOLOGY.IT _956203 |
||
| 942 |
_cBK _2ddc |
||
| 999 |
_c566697 _d566697 |
||